000 00893cam a2200301u 4500
001 30572
003 BD-RjUL
005 20220922123414.0
008 140410m19311905enk 000 0 eng
035 _a(BD-RjUL)30658
040 _aDLC
_cCarP
_dDLC
_beng
041 1 _aeng
_hger
051 _cMicrofilm 24750 B.
082 _a182
_bGOG V-2
100 1 _aGomperz, Theodor,
_d1832-1912.
_992654
245 1 0 _aGreek thinkers:
_ba history of ancient philosophy /
_cTheodor Gomperz
250 _aAuthorized ed.
260 _aLondon :
_bJ. Murray,
_cC1905 [reprinting1931, 1955,1964]
300 _a397 p. ;
_c23 cm.
505 0 1 _aVol. 2 --
650 0 _aPhilosophy, Ancient.
_93836
700 1 _aMagnus, Laurie,
_d1872-1933.
_94941
700 1 _aBerry, George Godfrey,
_d1867-
_etr.
_94942
942 _2ddc
_cBK
999 _c30572
_d30572